000 00951cab a2200229 4500
001 ##L133674
008 060601n2006 000 0 eng u
035 _a(Sirsi) u133674
041 0 _aeng
100 1 _aSwerling, Leon
245 0 0 _aProperty
_badverse possession
_bthe new law
260 _c2006
490 0 _aEMIS Property Service
_v4(5) May 2006, 3-7(5)
520 _aSummarises the procedure for acquiring adverse possession of registered land. Considers who can apply, when a squatter can apply to become the registered proprietor and the steps he needs to take, what happens after the initial application, and the further steps that can be taken if the initial application is unsuccessful.
590 _aIKA060606
650 2 4 _aLAND REGISTRATION ACT 2002
650 2 4 _aLAND REGISTRATION RULES 2003
651 4 _aUnited Kingdom
_y
690 _aPROPERTY-PROPERTY ACQUISITION AND DISPOSAL
700 1 _aHanbury, William
942 _n0
999 _c77148
_d77148